Normal view
MARC view
Entry Personal Name
001 - CONTROL NUMBER
- control field: 1136652
003 - CONTROL NUMBER IDENTIFIER
- control field: OSt
005 - DATE AND TIME OF LATEST TRANSACTION
- control field: 20260320202037.0
008 - FIXED-LENGTH DATA ELEMENTS
- fixed length control field: 260320|| aca||aabn | a|a d
040 ## - CATALOGING SOURCE
- Original cataloging agency: OSt
- Transcribing agency: OSt
100 ## - HEADING--PERSONAL NAME
- Personal name: Siddaway
670 ## - SOURCE DATA FOUND
- Source citation: Work cat.: (OSt)1724987: Siddaway, Learn Active Directory Management in a Month of Lunches
